Le sport en 2018 - Statistiques

Statistiques générales
  • Ce quiz a été pris 732 fois
  • Le résultat moyen est 8 sur 15
Statistiques - réponses
Questions Réponses % Correct
Quel pays fut sacré champion du monde de football en 2018 ? France
100%
Qui a remporté l'édition 2018 de Roland-Garros (Masculin) ? Rafael Nadal
92%
Quel pays fut sacré champion d'Europe de handball féminin en 2018 ? France
82%
Qui a remporté le Ballon d'Or de l'année 2018 ? Luka Modric
71%
Qui a remporté le championnat de Premier League durant la saison 2017/2018 ? Manchester City
64%
Qui a remporté la Champions League au football en 2018 ? Real Madrid
64%
Qui a battu le record du monde du Décathlon en 2018 ? Kévin Mayer
63%
Quel pays fut sacré champion d'Europe de handball masculin en 2018 ? Espagne
62%
Dans quel pays se sont déroulés les JO d'hiver en 2018 ? Corée du Sud
53%
Qui a remporté le Tour de France 2018 ? Geraint Thomas
43%
Quel pays remporté le plus de médailles durant les JO d'Hiver de 2018 ? Norvège
38%
Qui a remporté l'édition 2018 de Roland-Garros (Féminin) ? Simona Halep
29%
Qui fut drafté en 1ère position durant la Draft NBA 2018 ? DeAndre Ayton
6%
Qui a remporté le titre en NBA en 2018 ? Golden States Warriors
6%
Quel club français a remporté la Champions League de handball en 2018 ? Montpellier Handball
3%
Aucun quiz correspondant
Distribution des résultats
% des personnes avec chaque résultat
Percentile par nombre de réponses
Votre historique - résultats
Vous n’avez pas pris ce quiz